Llwytho...

CROP NUTRITION: PRINCIPLES AND PRACTICES

Manylion Llyfryddiaeth
Prif Awdur: PARTHASARATHI, M
Fformat: Printed Book
Cyhoeddwyd: NEW DELHI, BIO-GREEN BOOKS 2012
Pynciau:
LEADER 007830000a22001930004500
082 |a 631.81 PAR/CR 
100 |a PARTHASARATHI, M 
245 |a CROP NUTRITION: PRINCIPLES AND PRACTICES 
260 |a NEW DELHI, BIO-GREEN BOOKS 
260 |c 2012 
300 |a pages 272 
650 |a ASSIMILATION 
650 |a CROP NUTRIENT/; CLASSIFICATION AND FUNCTION 
650 |a NUTRIENT UPTAKES 
650 |a THE SOIL: CROP NUTRIENT MEDIUM 
942 |c BK 
999 |c 167126  |d 167126 
952 |0 0  |1 0  |4 0  |6 631_810000000000000_PAR_CR  |7 0  |9 170780  |a KAUCOAP  |b KAUCOAP  |c GEN  |d 2013-07-24  |g 825.00  |o 631.81 PAR/CR  |p KAU_COAP07193  |r 2013-07-24  |w 2018-06-11  |y BK 
952 |0 0  |1 0  |4 0  |6 631_810000000000000_PAR_CR  |7 0  |9 170781  |a KAUCOAP  |b KAUCOAP  |c GEN  |d 2013-07-29  |g 825.00  |o 631.81 PAR/CR  |p KAU_COAP08590  |r 2013-07-29  |w 2013-07-29  |y BK